000 00432nam a2200181Ia 4500
001 890
005 20260306140551.0
008 260306t2000||||xx |||||||||||||| ||spa||
041 _aESP
082 _a172
_bJ13
100 _aJacobs, Mónica
_eAUT
245 0 _aEtica y política:
_bel arte de vivir y convivir
260 _c2000
300 _a158 páginas :
_c24 cm.
650 _aGEN
654 _aCHU
942 _cLIB
_dJUS
_fJUS
_2ddc
_n
999 _c890
_d890